000 00819nam a2200229Ia 4500
003 GCL
008 140319s9999 xx 000 0 ara d
020 _a3787855161
040 _aGCL /
_cGCL
082 0 4 _a814.008083
_bج هـ
100 1 _aجورج طرابيشى
245 1 0 _aهرطقات عن الديموقراطية والعلمانية والحداثة والممانعة العربية /
_cجورج طرابيشى
250 _aالاولى
260 _aبيروت :
_bدار الساقى ،
_c2006
300 _a229 ص ؛
_c24 سم
650 0 4 _aالمقالات العربية
650 0 4 _aالعلمانية
650 0 4 _aالحداثة
650 0 4 _aالعالم العربى - الاحوال السياسية
650 0 4 _aالديمقراطية - العالم العربى
942 _2ddc
_cBK
999 _c9976
_d9976